[Event "ZMD Open"]
[Site "Dresden GER"]
[Date "2009.07.02"]
[Round "9"]
[White "Luther,T"]
[Black "Baklan,V"]
[Result "1/2-1/2"]
[WhiteElo "2552"]
[BlackElo "2639"]

1.e4 c5 2.Nf3 d6 3.d4 cxd4 4.Nxd4 Nf6 5.Nc3 Nc6 6.Bg5 e6 7.Qd2 Qb6 8.Bxf6 gxf6
9.Nb3 Bd7 10.O-O-O O-O-O 11.f4 Kb8 12.Kb1 Bc8 13.Be2 h5 14.Rhf1 h4 15.Rf3 Rg8
16.Bf1 Rg4 17.Rd3 Bh6 18.Ne2 d5 19.h3 Rgg8 20.exd5 Nb4 21.Rd4 Rxd5 22.Qe1 Rxd4
23.Rxd4 Bf8 24.Qxh4 Be7 25.Qh7 Rf8 26.Nc3 f5 27.Qg7 Nc6 28.Rd1 Qf2 29.g3 Rd8
30.Rxd8 Bxd8 31.Bd3 e5 32.fxe5 f4 33.gxf4 Qxf4 34.Ne2 Qxe5 35.Qxf7 Bxh3 36.Qf4 Qxf4
37.Nxf4 Bc8 38.c3 Ne5 39.Be4 Bg5 40.Ne2 Nc4 41.Ned4 Nd6 42.Bd5 Bd7 43.Nc5 Be8
44.b4 Bf6 45.Kb2 b6 46.Nce6 a5 47.bxa5 bxa5 48.Kb3 Ka7 49.c4 Nb7 50.Bxb7 Kxb7
51.c5 Bf7 52.Ka4 Bxd4 53.Nxd4 Bxa2 54.Kxa5 Bd5 55.c6+  1/2-1/2

[Event "Brama Lubawska"]
[Site "Lubawka POL"]
[Date "2009.07.04"]
[Round "8"]
[White "Zminda,B"]
[Black "Shishkin,Va UKR"]
[Result "0-1"]
[WhiteElo "2165"]
[BlackElo "2498"]

1.e4 c5 2.Nf3 Nc6 3.d4 cxd4 4.Nxd4 Nf6 5.Nc3 d6 6.Bg5 Bd7 7.Bxf6 gxf6 8.g3 Qb6
9.Nb3 Bg7 10.Nd5 Qd8 11.c3 f5 12.exf5 Bxf5 13.Bg2 Qd7 14.O-O O-O 15.Re1 Rfe8
16.Ne3 Rad8 17.Nxf5 Qxf5 18.Re4 d5 19.Qg4 Qg6 20.Ra4 e6 21.Qe2 Qf6 22.Rd1 a6
23.Nc5 Qe7 24.Nd3 e5 25.Nb4 Nxb4 26.Rxb4 e4 27.f3 f5 28.g4 d4 29.fxe4 fxe4
30.Qc4+ Kh8 31.cxd4 b5 32.Qb3 Bf8 33.a3 Qg7 34.d5 Bxb4 35.axb4 Qxg4 36.Qc3+ Qg7
37.Rd4 e3 38.Rd1 Re5 39.Kh1 Rg5 40.Rg1 Qxc3 41.bxc3 Rdg8 42.d6 e2 43.d7 Rxg2  0-1

[Event "37th Greek Teams"]
[Site "Kallithea GRE"]
[Date "2009.07.06"]
[Round "6"]
[White "Papadopoulos,I"]
[Black "Likavsky,T"]
[Result "1/2-1/2"]
[WhiteElo "2450"]
[BlackElo "2484"]

1.e4 c5 2.Nf3 d6 3.d4 cxd4 4.Nxd4 Nf6 5.Nc3 Nc6 6.Bg5 e6 7.Qd2 Qb6 8.Bxf6 gxf6
9.Nb3 a6 10.O-O-O Bd7 11.f4 O-O-O 12.f5 Ne5 13.Be2 h5 14.Kb1 h4 15.g3 hxg3
16.hxg3 Be7 17.Qf4 Rxh1 18.Rxh1 Rg8 19.a4 Bd8 20.a5 Qa7 21.g4 Be8 22.Rd1 Qb8
23.Qh2 Qc7 24.Rh1 Qe7 25.Qg1 Nc6 26.Rh7 Qf8 27.fxe6 fxe6 28.Nd4 Nxd4 29.Qxd4 Rg7
30.Rxg7 Qxg7 31.Qc4+ Kd7 32.Qb3 Kc7 33.Qxe6 Bc6 34.Bc4 Qd7 35.b4 Qxe6 36.Bxe6 Be7
37.Bd5 Bd7 38.Ne2 Bxg4 39.Nd4 Bf8 40.c4 Bh6 41.Kc2 Be3 42.Kd3  1/2-1/2

[Event "37th Greek Teams"]
[Site "Kallithea GRE"]
[Date "2009.07.07"]
[Round "7"]
[White "Mastrovasilis,D"]
[Black "Managadze,N"]
[Result "1-0"]
[WhiteElo "2567"]
[BlackElo "2459"]

1.e4 c5 2.Nf3 d6 3.d4 cxd4 4.Nxd4 Nf6 5.Nc3 Nc6 6.Bg5 Qb6 7.Nb3 e6 8.Bxf6 gxf6
9.Be2 Bd7 10.O-O a6 11.a4 Na5 12.Kh1 Rc8 13.f4 Nc4 14.Bxc4 Rxc4 15.f5 h5
16.Qd3 Qc7 17.fxe6 fxe6 18.Rxf6 Be7 19.Rg6 h4 20.h3 Rf8 21.Rf1 b5 22.axb5 axb5
23.Rxf8+ Bxf8 24.Qf3 Bc8 25.Nxb5 Qh7 26.Rg4 Rxc2 27.Qd1 Rc6 28.N3d4 Rc4 29.Nf3 Qd7
30.Rg8 Kf7 31.Rxf8+ Kxf8 32.Qf1  1-0

[Event "XXXII Open"]
[Site "Barbera ESP"]
[Date "2009.07.08"]
[Round "5"]
[White "Colon Garcia,E"]
[Black "Perpinya Rofes,L"]
[Result "0-1"]
[WhiteElo "2173"]
[BlackElo "2387"]

1.e4 c5 2.Nf3 Nc6 3.d4 cxd4 4.Nxd4 Nf6 5.Nc3 d6 6.Bg5 e6 7.Qd2 a6 8.O-O-O Bd7
9.f4 b5 10.Bxf6 gxf6 11.Kb1 b4 12.Nce2 Qb6 13.Nxc6 Bxc6 14.f5 e5 15.Ng3 h5
16.h4 Qc5 17.Bd3 Ke7 18.Qe2 Bh6 19.Rhe1 a5 20.Nxh5 a4 21.Bc4 b3 22.cxb3 Rhb8
23.Qd3 axb3 24.Bxb3 Rb4 25.g4 Rc8 26.Nxf6 Rd4 27.Qc3 Rxd1+ 28.Rxd1 Kxf6 29.Qxc5 dxc5
30.g5+ Bxg5 31.hxg5+ Kxg5 32.Bd5 Bxd5 33.Rxd5 Kf4 34.Rd7 f6 35.Rd6 Rf8 36.Rc6 Kxe4
37.Rxc5 Kxf5 38.a4 Ke4 39.b4 f5 40.Kc2 f4 41.Kd2 Rd8+ 42.Ke1 Rd4 43.Rb5 f3
44.a5 Kf4 45.a6 e4 46.Rb8 Ke3 47.Rf8 Rxb4 48.Kd1 Ra4  0-1

[Event "1st WCT GM"]
[Site "Moscow RUS"]
[Date "2009.07.08"]
[Round "5"]
[White "Aldokhin,I"]
[Black "Bajarani,U"]
[Result "1-0"]
[WhiteElo "2342"]
[BlackElo "2358"]

1.e4 c5 2.Nf3 d6 3.d4 cxd4 4.Nxd4 Nf6 5.Nc3 Nc6 6.Bg5 e6 7.Qd2 a6 8.O-O-O Bd7
9.f4 h6 10.Bh4 g5 11.fxg5 Ng4 12.Nxc6 Bxc6 13.Be2 Ne5 14.g3 Ng6 15.Rhf1 Be7
16.gxh6 Nxh4 17.gxh4 Bf8 18.Qd4 Rxh6 19.Qf2 Qc7 20.Rd3 Rh7 21.Rf3 O-O-O 22.Rxf7 Bh6+
23.Kb1 Rxf7 24.Qxf7 Qxf7 25.Rxf7 Rg8 26.a3 Rg1+ 27.Ka2 Rg2 28.h3 Kb8 29.h5 Bd2
30.Bg4 Bxc3 31.bxc3 Bxe4 32.h6 Rxc2+ 33.Kb3 Rd2 34.h7 Bc2+ 35.Kb4 a5+ 36.Kxa5  1-0

[Event "IM"]
[Site "Saint-Lo FRA"]
[Date "2009.07.08"]
[Round "2"]
[White "Kuipers,S"]
[Black "Ornstein,A"]
[Result "0-1"]
[WhiteElo "2324"]
[BlackElo "2424"]

1.e4 c5 2.Nf3 d6 3.d4 Nf6 4.Nc3 cxd4 5.Nxd4 Nc6 6.Bg5 e6 7.Qd2 Qb6 8.Bxf6 gxf6
9.Nb3 Bd7 10.Nb5 Ne5 11.Qa5 Qxa5+ 12.Nxa5 O-O-O 13.Nb3 a6 14.Nc3 h5 15.h4 Rg8
16.Nd4 Bh6 17.g3 Ng4 18.Bg2 f5 19.exf5 e5 20.Nb3 Bxf5 21.Na5 e4 22.Nd5 Rge8
23.O-O Bg6 24.Nc4 f5 25.f3 exf3 26.Rxf3 Re2 27.Rc3 Kb8 28.Rb3 Bf7 29.Bf3 Rxc2
30.Rc3 Rxc3 31.bxc3 Ne5 32.Nxe5 dxe5 33.c4 e4 34.Be2 Bxd5 35.Rd1 Rg8 36.Rxd5 Rxg3+
37.Kf2 f4 38.Rxh5 Bg7 39.Rf5 Bd4+ 40.Ke1 f3 41.Bf1 e3  0-1

[Event "XXXII Open"]
[Site "Barbera ESP"]
[Date "2009.07.09"]
[Round "6"]
[White "Lopez Martinez,Josep"]
[Black "Bregadze,L"]
[Result "1/2-1/2"]
[WhiteElo "2555"]
[BlackElo "2426"]

1.e4 c5 2.Nf3 d6 3.d4 cxd4 4.Nxd4 Nf6 5.Nc3 Nc6 6.Bg5 e6 7.Qd2 a6 8.O-O-O Bd7
9.f3 b5 10.Nxc6 Bxc6 11.Ne2 Be7 12.h4 Bb7 13.Nd4 O-O 14.Bd3 Nd7 15.Rhe1 Rc8
16.Kb1 Nc5 17.Bf1 Qc7 18.Nb3 Nxb3 19.axb3 Rfd8 20.Re3 f6 21.Rc3 Qb8 22.Bf4 e5
23.Be3 d5 24.exd5 Rxd5 25.Rd3 Rcd8 26.Qa5 Rxd3 27.Rxd3 Rxd3 28.Bxd3 Qd6 29.h5 Bd5
30.Qc3 Be6 31.g4 b4 32.Qd2 a5 33.Qe2 Bd5 34.Be4 Bxe4 35.fxe4 Kf7 36.c3 bxc3
37.bxc3 Kf8 38.Kc2 Qd7 39.Qd1 Qe6 40.Bd2 Qc6 41.Qe2 a4 42.c4 axb3+ 43.Kxb3 Qb7+
44.Kc2 Qd7 45.Qf3 Qe6 46.Qe2 Qd7 47.Bc3 Qa4+ 48.Kd3 Bc5 49.Qf3 Qa2 50.Qd1 Qg2
51.Qe2 Qxe2+ 52.Kxe2 g6 53.Bd2 Kf7 54.Be3 Be7 55.c5 Ke6 56.c6 Bd8 57.Bc5 gxh5
58.gxh5 Bc7 59.Kd3 f5 60.exf5+ Kxf5 61.Kc4 Ke6 62.Kb5 Kd5 63.h6 e4 64.Bf2 Bf4
65.Ba7 Bc7 66.Be3 Bd8 67.Bb6 Bxb6 68.Kxb6 e3 69.c7 e2 70.c8=Q e1=Q 71.Qd7+ Kc4
72.Qf7+ Kd4 73.Qg7+ Kc4 74.Qg8+ Kd4 75.Qg7+ Kc4 76.Qc7+ Kb3 77.Qf7+ Kb2 78.Qxh7 Qb4+
79.Kc6 Qc4+ 80.Kd6 Qd4+ 81.Ke6 Qc4+ 82.Kf6 Qd4+ 83.Kg6 Qe4+ 84.Kg7 Qe7+ 85.Kg6  1/2-1/2

[Event "XXXII Open"]
[Site "Barbera ESP"]
[Date "2009.07.09"]
[Round "6"]
[White "Garcia Gil,Ja"]
[Black "Matnadze,A"]
[Result "0-1"]
[WhiteElo "2203"]
[BlackElo "2413"]

1.e4 c5 2.Nf3 d6 3.d4 cxd4 4.Nxd4 Nf6 5.Nc3 Nc6 6.Bg5 e6 7.Qd2 Qb6 8.O-O-O a6
9.f3 Be7 10.Nb3 Qc7 11.Bxf6 gxf6 12.Qh6 Bd7 13.f4 O-O-O 14.Nd4 Kb8 15.f5 b5
16.a3 Rc8 17.Nxc6+ Bxc6 18.Bd3 a5 19.fxe6 fxe6 20.Qh5 b4 21.Nb5 Qb6 22.a4 b3
23.c3 Qe3+ 24.Rd2 f5 25.exf5 Bxg2 26.Rd1 Bf3 27.Qh3 Bg5 28.Kb1 Bxd1 29.Qxe3 Bc2+
30.Bxc2 bxc2+ 31.Kxc2 Bxe3 32.Rxd6 exf5 33.Ra6 f4 34.Kd3 Rhf8  0-1

[Event "37th Greek Teams"]
[Site "Kallithea GRE"]
[Date "2009.07.09"]
[Round "9"]
[White "Kritz,L"]
[Black "Likavsky,T"]
[Result "1-0"]
[WhiteElo "2589"]
[BlackElo "2484"]

1.e4 c5 2.Nf3 d6 3.d4 cxd4 4.Nxd4 Nf6 5.Nc3 Nc6 6.Bg5 e6 7.Qd2 a6 8.O-O-O Be7
9.f3 Nxd4 10.Qxd4 b5 11.h4 Bb7 12.Kb1 Qc7 13.Bd3 h6 14.Bc1 O-O 15.Qf2 Nd7
16.g4 Ne5 17.g5 h5 18.f4 Nxd3 19.cxd3 Rac8 20.Rhf1 b4 21.Ne2 b3 22.Nc3 bxa2+
23.Ka1 d5 24.exd5 exd5 25.Be3 Qd7 26.f5 g6 27.Bd4 a5 28.Qe3 Bd6 29.Qf3 Bb8
30.Rd2 Qxf5 31.Qxf5 gxf5 32.Rxf5 Rfe8 33.g6 fxg6 34.Rg2 Re6 35.Rxh5 Ba6 36.Nxd5 Rc1+
37.Kxa2 Bxd3 38.Rh8+ Kf7 39.Rf2+ Bf5 40.Rxb8 Rd6 41.Rb7+ Ke8 42.Re2+ Kd8
43.Be3  1-0

[Event "8th Open"]
[Site "La Fere FRA"]
[Date "2009.07.09"]
[Round "7"]
[White "Konguvel,P"]
[Black "Wirig,A"]
[Result "1-0"]
[WhiteElo "2419"]
[BlackElo "2491"]

1.e4 c5 2.Nf3 Nc6 3.d4 cxd4 4.Nxd4 Nf6 5.Nc3 d6 6.Bg5 e6 7.Qd2 a6 8.O-O-O Bd7
9.f3 b5 10.Kb1 Be7 11.h4 h6 12.Be3 Ne5 13.Bd3 b4 14.Nce2 d5 15.exd5 Nxd5
16.Nf4 Nxf4 17.Bxf4 Nxd3 18.Qxd3 O-O 19.Nf5 exf5 20.Qxd7 Qxd7 21.Rxd7 Rfe8
22.Rd5 Rad8 23.Rxd8 Bxd8 24.Bd2 Re2 25.Bxb4 Rxg2 26.c4 Bf6 27.Ba3 Re2 28.c5 Kf8
29.Rd1 Ke8 30.h5 Re6 31.b4 g5 32.Bb2 g4 33.Bxf6 Rxf6 34.Rg1 Kd7 35.fxg4 fxg4
36.Rxg4 Kc6 37.Rg8 a5 38.a3 axb4 39.axb4 Rf5 40.Rc8+ Kd7 41.Rf8 Kc6 42.Kc2 Rxh5
43.Kb3 Rf5 44.Rb8 h5 45.Rb6+ Kc7 46.Rh6 Kb7 47.Kc4 Rf4+ 48.Kb5 Rf5 49.Ka5 Kc7
50.Ka6 Rf4 51.Kb5 Rf5 52.Rh8 Kb7 53.Re8 Kc7 54.Re7+ Kd8 55.Ra7 h4 56.Kb6 h3
57.Ra8+ Ke7 58.Rh8  1-0

[Event "LTC Open A"]
[Site "Leiden NED"]
[Date "2009.07.11"]
[Round "2"]
[White "Van der Wiel,J"]
[Black "Kiran,M"]
[Result "1-0"]
[WhiteElo "2477"]
[BlackElo "2203"]

1.e4 c5 2.Nf3 Nc6 3.d4 cxd4 4.Nxd4 Nf6 5.Nc3 d6 6.Bg5 e6 7.Qd2 a6 8.O-O-O Nxd4
9.Qxd4 Be7 10.Bxf6 Bxf6 11.Qxd6 Qxd6 12.Rxd6 Bxc3 13.bxc3 Bd7 14.Bd3 Bc6
15.Rd4 e5 16.Rb4 Ke7 17.Kd2 Rhd8 18.Ke3 Rac8 19.Rhb1 Rd6 20.h4 h5 21.g3 Rg8
22.a4 Rh6 23.Bc4 g5 24.Rxb7+ Bxb7 25.Rxb7+ Kf8 26.Rxf7+ Ke8 27.Rf5 Rg7 28.Rxe5+ Kd8
29.Rd5+ Ke8 30.hxg5 Rc6 31.Kd4  1-0

[Event "XI Open"]
[Site "Torredembarra ESP"]
[Date "2009.07.11"]
[Round "8"]
[White "Mladenov,P"]
[Black "Rusev,K"]
[Result "1/2-1/2"]
[WhiteElo "2362"]
[BlackElo "2543"]

1.e4 c5 2.Nf3 d6 3.d4 Nf6 4.Nc3 cxd4 5.Nxd4 Nc6 6.Bg5 Bd7 7.Qd2 Rc8 8.O-O-O Nxd4
9.Qxd4 Qa5 10.f4 Rxc3 11.bxc3 e5 12.Qc4 d5 13.Rxd5 Nxd5 14.exd5 Ba3+ 15.Kb1 O-O
16.fxe5 Rc8 17.Qd4 Bc5 18.Qe4 Ba3 19.Qd4 Bc5 20.Qe4 Ba3 21.Qd4  1/2-1/2

[Event "IM"]
[Site "Condom FRA"]
[Date "2009.07.13"]
[Round "4"]
[White "Decoster,F"]
[Black "Demuth,A"]
[Result "1/2-1/2"]
[WhiteElo "2285"]
[BlackElo "2339"]

1.e4 c5 2.Nf3 Nc6 3.d4 cxd4 4.Nxd4 Nf6 5.Nc3 d6 6.Bg5 e6 7.Qd2 a6 8.O-O-O Bd7
9.f4 b5 10.Bxf6 gxf6 11.Nxc6 Bxc6 12.f5 Qb6 13.fxe6 fxe6 14.Qf4 Be7 15.Bd3 O-O-O
16.Qg4 Bd7 17.Qh3 Qc5 18.Rhf1 a5 19.Bxb5 Bxb5 20.Qxe6+ Rd7 21.Rf5 Qe3+ 22.Kb1 Bc6
23.Rxa5 Kb7 24.Ra3 Rb8 25.Nd5 Qe2 26.Rc1 Bd8 27.Rb3+ Ka8 28.Ra3+ Kb7 29.Rb3+ Ka8
30.Ra3+ Kb7  1/2-1/2

[Event "LTC Open A"]
[Site "Leiden NED"]
[Date "2009.07.13"]
[Round "4"]
[White "Vovk,Y"]
[Black "Luch,M"]
[Result "1/2-1/2"]
[WhiteElo "2567"]
[BlackElo "2415"]

1.e4 c5 2.Nf3 d6 3.d4 cxd4 4.Nxd4 Nf6 5.Nc3 Nc6 6.Bg5 e6 7.Qd2 Be7 8.O-O-O a6
9.f4 Bd7 10.Nf3 h6 11.Bxf6 gxf6 12.g3 b5 13.Bh3 Qa5 14.Kb1 b4 15.Ne2 Qc5
16.Ned4 Nxd4 17.Nxd4 a5 18.Rhe1 a4 19.Re3 Bd8 20.Rd3 Bc7 21.Bg2 Ra6 22.e5 fxe5
23.fxe5 Qxe5 24.Qxb4 Qa5 25.Qa3 Rb6 26.Rc3 Kd8 27.Nc6+ Bxc6 28.Rxc6 Rxc6
29.Bxc6 Ke7 30.Qxa4 Qxa4 31.Bxa4 h5 32.c4 h4 33.Bc6 hxg3 34.hxg3 Rh3 35.Rd3 d5
36.cxd5 Rxg3 37.Rd1 e5 38.b4 e4 39.Kc2 Be5 40.Re1 Rc3+ 41.Kd1 Rd3+ 42.Ke2 Ra3
43.Kf1 Rf3+ 44.Ke2  1/2-1/2

[Event "Open"]
[Site "Rethymno GRE"]
[Date "2009.07.13"]
[Round "2"]
[White "Tzouganakis,P"]
[Black "Dembo,Y"]
[Result "0-1"]
[WhiteElo "2041"]
[BlackElo "2466"]

1.e4 c5 2.Nf3 Nc6 3.d4 cxd4 4.Nxd4 Nf6 5.Nc3 d6 6.Bg5 e6 7.Qd2 a6 8.O-O-O Bd7
9.Nxc6 Bxc6 10.Bf4 Bxe4 11.Bxd6 Bxd6 12.Qxd6 Qxd6 13.Rxd6 Bd5 14.Rb6 Bc6
15.a4 Ke7 16.f3 Rhd8 17.Rb4 h5 18.Bd3 Rac8 19.Rd1 Rc7 20.Be2 Rxd1+ 21.Kxd1 Rd7+
22.Bd3 g5 23.Ke2 e5 24.g3 g4 25.fxg4 hxg4 26.Ke3 Rd8 27.Be2 Rh8 28.Bxg4 a5
29.Rc4 Nxg4+ 30.Rxg4 Rxh2 31.Ne2 f5 32.Rg7+ Kf6 33.Rc7 Rh1 34.b3 Rf1 35.Rh7 f4+
36.gxf4 exf4+ 37.Nxf4 Rf3+ 38.Kd4 Rxf4+ 39.Kc5 Rb4 40.Rh8 Be4 41.Rh4 Ke5
42.Rh5+ Bf5 43.Rh8 Bxc2 44.Re8+ Kf4 45.Rf8+ Ke3 46.Re8+ Kd2 47.Rd8+ Kc3 48.Ra8 Bxb3  0-1

[Event "32nd Aegean Open"]
[Site "Aghios Kirykos GRE"]
[Date "2009.07.14"]
[Round "4"]
[White "Aginian,N"]
[Black "Lekic,D"]
[Result "1/2-1/2"]
[WhiteElo "2322"]
[BlackElo "2394"]

1.e4 c5 2.Nf3 d6 3.d4 cxd4 4.Nxd4 Nf6 5.Nc3 Nc6 6.Bg5 e6 7.Qd2 Be7 8.O-O-O Nxd4
9.Qxd4 O-O 10.e5 dxe5 11.Qxe5 Bd7 12.Be2 Rc8 13.Be3 Bb4 14.Bd4 Bc6 15.Qg3 Qe7  1/2-1/2

[Event "61st ch-MNE"]
[Site "Cetinje MNE"]
[Date "2009.07.15"]
[Round "6"]
[White "Krivokapic,M"]
[Black "Djukic,Ni"]
[Result "1/2-1/2"]
[WhiteElo "2416"]
[BlackElo "2491"]

1.e4 c5 2.Nf3 Nc6 3.d4 cxd4 4.Nxd4 Nf6 5.Nc3 d6 6.Bg5 e6 7.Qd2 a6 8.O-O-O Bd7
9.f3 h6 10.Be3 Qc7 11.Kb1 Rc8 12.g4 b5 13.Bd3 Nxd4 14.Bxd4 e5 15.Be3 Qa5
16.a3 Be6 17.h4 g6 18.Nd5 Qxd2 19.Nxf6+ Ke7 20.Bxd2 Kxf6 21.g5+ hxg5 22.hxg5+ Kg7
23.Rxh8 Kxh8 24.a4  1/2-1/2

[Event "Corporation Centre Cup"]
[Site "Izhevsk RUS"]
[Date "2009.07.15"]
[Round "1"]
[White "Kozionov,S"]
[Black "Lykov,S"]
[Result "1-0"]
[WhiteElo "2021"]
[BlackElo "2206"]

1.e4 c5 2.Nf3 d6 3.d4 cxd4 4.Nxd4 Nf6 5.Nc3 Nc6 6.Bg5 Qb6 7.Nb3 e6 8.Qd2 a6
9.f3 Be7 10.O-O-O Qc7 11.g4 Bd7 12.h4 Ne5 13.Be2 Nc4 14.Qd4 Rc8 15.Bxc4 Qxc4
16.Qxc4 Rxc4 17.Na5 Rc7 18.Bf4 b6 19.Nb3 Rc6 20.Bh2 e5 21.g5 Nh5 22.Nd5 a5
23.Nd2 h6 24.Nxe7 Kxe7 25.Nf1 Be6 26.Kb1 hxg5 27.hxg5 Nf4 28.Ne3 Nh3 29.Bg3 Rcc8
30.Rdf1 Nxg5 31.Bh4 f6 32.Bxg5 fxg5 33.Rhg1 Rh5 34.Rg3 Rf8 35.b3 Rf4 36.Ng2 Rf7
37.Ne3 Rh3 38.Nd5+ Kf8 39.Rxh3 Bxh3 40.Rg1 g4 41.fxg4 g5 42.Rg3 Bf1 43.Nxb6 Rf2
44.Nc8 d5 45.exd5 e4 46.Re3 Re2 47.Rxe2 Bxe2 48.Nd6 Bf3 49.Nf5 Bxg4 50.Ne3 Bf3
51.Kc1 Ke7 52.Kd2 Kd6 53.c4 g4 54.Ke1 Ke5 55.Kf2 Kf4 56.d6 g3+ 57.Kg1  1-0

[Event "Open"]
[Site "Rethymno GRE"]
[Date "2009.07.16"]
[Round "6"]
[White "Gaponenko,I"]
[Black "Zubarev,Al1"]
[Result "1/2-1/2"]
[WhiteElo "2428"]
[BlackElo "2548"]

1.e4 c5 2.Nf3 d6 3.d4 cxd4 4.Nxd4 Nf6 5.Nc3 Nc6 6.Bg5 e6 7.Qd2 Qb6 8.Nb3 Be7
9.O-O-O O-O 10.h4 Rd8 11.h5 d5 12.exd5 Nxd5 13.Bxe7 Ndxe7 14.Bd3 h6 15.g4 e5
16.Rhg1 Nd4 17.Nxd4 Rxd4 18.g5 Kf8 19.Nb5 Rd8 20.Qc3 Bf5 21.Bxf5 Qxb5 22.Bd3 Qb6
23.Qxe5 Rd5 24.Qf4 hxg5 25.Rxg5 Qh6 26.Rg4 Rxh5 27.Be4 Rb8 28.Rd7 Qxf4+ 29.Rxf4 Rb5
30.c4 Rb6 31.Rh4 Ke8 32.Rd3 Rh6 33.Rxh6 gxh6 34.Rh3 Rc8 35.b3 b5 36.Rxh6 bxc4
37.Rh8+ Kd7 38.Rxc8 Kxc8 39.bxc4 Kd7 40.c5 Ke6 41.Kc2 Ke5 42.Kd3 Nd5 43.Bf3 Nc7
44.Ke3 Ke6 45.Bg4+ Ke7 46.a4 Kf6 47.Bc8 Ke5 48.Bh3 Kf6 49.Kd4 Ke7 50.Ke5 f6+
51.Kd4 Kd8 52.Bf1 Kd7 53.Bb5+ Ke7 54.Ke4 Ke6 55.Bf1 Kd7 56.Kd4 Ne6+ 57.Kd5 Nc7+
58.Kc4 Ke6 59.Bh3+ Ke7 60.Bf5 Kd8 61.Bg4 Ke7 62.Bh3 Kd8 63.Kd4 Ke7 64.Ke4 Kd8
65.Kd4 Ke7 66.Bg4 Kd8 67.Be2 Kd7 68.Bc4 Ke7 69.Ke4 Kd7 70.Kf5 Ke7 71.Kg6 Ne8
72.Bf7 Nc7 73.Bc4 Ne8 74.Bf1  1/2-1/2

[Event "Open"]
[Site "Condom FRA"]
[Date "2009.07.17"]
[Round "8"]
[White "Genova,Ly"]
[Black "Ouerk,Y"]
[Result "1/2-1/2"]
[WhiteElo "2209"]
[BlackElo "2050"]

1.e4 c5 2.Nf3 Nc6 3.d4 cxd4 4.Nxd4 Nf6 5.Nc3 d6 6.Bg5 e6 7.Qd2 a6 8.O-O-O Bd7
9.f4 b5 10.Bxf6 gxf6 11.Kb1 Qb6 12.Nxc6 Bxc6 13.f5 b4 14.Ne2 e5 15.Ng3 h5
16.h4 Qc5 17.Be2 Ke7 18.Qe1 Bh6 19.Bd3 Bf4 20.Nf1 a5 21.g3 Bh6 22.Rh2 a4
23.Qf2 a3 24.Qxc5  1/2-1/2

[Event "ch-SUI"]
[Site "Graechen SUI"]
[Date "2009.07.17"]
[Round "9"]
[White "Stoeri,S"]
[Black "Lehmann,Marc"]
[Result "1-0"]
[WhiteElo "1974"]
[BlackElo "2268"]

1.e4 c5 2.Nf3 d6 3.d4 cxd4 4.Nxd4 Nf6 5.Nc3 Nc6 6.Bg5 e6 7.Qd2 Be7 8.O-O-O O-O
9.f3 a6 10.Be3 Nxd4 11.Bxd4 b5 12.Kb1 Bb7 13.h4 Qc7 14.g4 Nd7 15.g5 Ne5 16.Qg2 Rac8
17.g6 fxg6 18.Qh3 b4 19.Qxe6+ Kh8 20.Bxe5 bxc3 21.Bxc3 Bf6 22.Rd3 d5 23.h5 d4
24.hxg6 h6 25.Rxd4 Rcd8 26.Rxd8 Qxd8 27.Be2 Bxc3 28.bxc3 Rf6 29.Qg4 Qb6+
30.Ka1 Rxg6 31.Qf4 Qc5 32.Qd2 Rg2 33.Re1 Qf2 34.e5 Qh4 35.Rd1 h5 36.Qd8+ Qxd8
37.Rxd8+ Kh7 38.Bd3+ Kh6 39.Rd6+ g6 40.e6  1-0

[Event "Corporation Centre Cup"]
[Site "Izhevsk RUS"]
[Date "2009.07.17"]
[Round "3"]
[White "Kozionov,S"]
[Black "Husnullin,R"]
[Result "1-0"]
[WhiteElo "2021"]
[BlackElo "2207"]

1.e4 c5 2.Nf3 d6 3.d4 cxd4 4.Nxd4 Nf6 5.Nc3 Nc6 6.Bg5 e6 7.Qd2 a6 8.O-O-O Bd7
9.f3 Qa5 10.Nb3 Qc7 11.g4 b5 12.Be3 h6 13.h4 Ne5 14.Be2 b4 15.Nb1 a5 16.g5 Nh5
17.f4 Nc4 18.Qd4 Rc8 19.Qxc4 Qxc4 20.Bxc4 Rxc4 21.N1d2 Rc6 22.Nxa5 Ra6 23.Nab3 Rxa2
24.Kb1 Ra6 25.Rhg1 Be7 26.gxh6 g6 27.Nf3 Bc6 28.Rd4 Ra4 29.Rc4 Bb7 30.Ng5 Bd8
31.c3 d5 32.Rxb4 Rxb4 33.cxb4 dxe4 34.Nc5 Bc6 35.Rc1 Bb5 36.Ngxe4 O-O 37.Nd6 Be2
38.Nd7 Bd3+ 39.Ka2 Bxh4 40.h7+ Kg7 41.Nxf8  1-0

[Event "LTC Open A"]
[Site "Leiden NED"]
[Date "2009.07.18"]
[Round "8"]
[White "Ducarmon,Q"]
[Black "Vovk,Y"]
[Result "0-1"]
[WhiteElo "2201"]
[BlackElo "2567"]

1.e4 c5 2.Nf3 d6 3.d4 cxd4 4.Nxd4 Nf6 5.Nc3 Nc6 6.Bg5 e6 7.Qd2 a6 8.O-O-O Be7
9.f4 Bd7 10.Nf3 b5 11.Bxf6 gxf6 12.Kb1 Qb6 13.f5 O-O-O 14.g3 Kb8 15.fxe6 fxe6
16.Bh3 Bc8 17.a3 Rhe8 18.Rhe1 Bf8 19.Qf4 Qc7 20.Ne2 Bg7 21.Qh4 Bh8 22.Nf4 Re7
23.Re2 a5 24.Qh5 b4 25.Qb5+ Ka7 26.Qa4 Qb6 27.axb4 Nxb4 28.Qb3 Ba6 29.Red2 f5
30.c3 fxe4 31.cxb4 exf3 32.Bxe6 Qxb4 33.Qxb4 axb4 34.Bd5 Be5 35.Bxf3 Bxf4
36.gxf4 Re3 37.Bd5 b3 38.f5 Be2 39.Rc1 Bd3+ 40.Ka1 Bc2 41.Rdxc2 bxc2 42.Rxc2 Re5
43.Be6 Kb6 44.b3 d5 45.Kb2 Re3 46.Rf2 Kc5 47.Kc2 Ra8  0-1

[Event "Corporation Centre Cup"]
[Site "Izhevsk RUS"]
[Date "2009.07.19"]
[Round "5"]
[White "Shcherbakov,R"]
[Black "Ozolin,M"]
[Result "1-0"]
[WhiteElo "2500"]
[BlackElo "2370"]

1.e4 c5 2.Nf3 d6 3.d4 cxd4 4.Nxd4 Nf6 5.Nc3 Nc6 6.Bg5 e6 7.Qd2 Be7 8.O-O-O a6
9.f4 Nxd4 10.Qxd4 b5 11.Bxf6 gxf6 12.f5 Bd7 13.Be2 Qa5 14.a3 Rb8 15.Qd2 b4
16.Na2 Qa4 17.Nxb4 d5 18.fxe6 fxe6 19.Bh5+ Kd8 20.exd5 Bxb4 21.Qf4 e5 22.Qxf6+ Kc7
23.axb4 Qa1+ 24.Kd2 Qxb2 25.d6+ Kb7 26.Qf3+ Bc6 27.Qc3 Qxc3+ 28.Kxc3 Rhg8
29.Rhf1 Rxg2 30.Rf7+ Kb6 31.d7 Rd8 32.Rd6 Rxh2 33.Bf3  1-0

[Event "TCh Eur-Youth U18"]
[Site "Pardubice CZE"]
[Date "2009.07.19"]
[Round "4"]
[White "Poetz,F"]
[Black "Martinovic,Sa"]
[Result "0-1"]
[WhiteElo "2364"]
[BlackElo "2525"]

1.e4 c5 2.Nf3 Nc6 3.d4 cxd4 4.Nxd4 Nf6 5.Nc3 d6 6.Bg5 e6 7.Qd2 a6 8.O-O-O Bd7
9.f3 h6 10.Be3 b5 11.Nxc6 Bxc6 12.Ne2 Qc7 13.Kb1 Bb7 14.h4 Rc8 15.Nd4 e5
16.Nf5 d5 17.exd5 Nxd5 18.Bd3 g6 19.Ng3 Bb4 20.Qe2 Nxe3 21.Qxe3 h5 22.f4 Bc5
23.Qe2 f5 24.fxe5 O-O 25.Bxf5 gxf5 26.Qxh5 Bf2 27.Qg5+ Qg7 28.Qxg7+ Kxg7
29.Rd7+ Kh8 30.Nh5 Bxg2 31.Rh2 Rfd8 32.Rd6 Rxd6 33.exd6 Rg8 34.Nf6 Rg6 35.a4 Rxf6
36.Rxg2 Be3 37.axb5 axb5 38.d7 Rd6  0-1

[Event "Corporation Centre Cup"]
[Site "Izhevsk RUS"]
[Date "2009.07.21"]
[Round "7"]
[White "Ermolaev,E"]
[Black "Arzamastsev,A"]
[Result "1-0"]
[WhiteElo "1870"]
[BlackElo "2132"]

1.e4 c5 2.Nf3 Nc6 3.d4 cxd4 4.Nxd4 Nf6 5.Nc3 d6 6.Bg5 e6 7.f4 Be7 8.Qd2 h6
9.Bxf6 gxf6 10.O-O-O a6 11.f5 Qb6 12.Nb3 Bd7 13.Be2 h5 14.g4 hxg4 15.Bxg4 Ne5
16.Qe2 O-O-O 17.Nd4 Nxg4 18.Qxg4 Rdg8 19.Qf3 Rh4 20.Nce2 Rgg4 21.Rhg1 Rxe4
22.Rg8+ Kc7 23.Rg7 Bf8 24.Rxf7 Bh6+ 25.Kb1 Rxd4 26.Rxd4 Rxd4 27.Qc3+  1-0

[Event "Corporation Centre Cup"]
[Site "Izhevsk RUS"]
[Date "2009.07.22"]
[Round "8"]
[White "Glidzhain,G"]
[Black "Filipenko,A"]
[Result "1/2-1/2"]
[WhiteElo "2285"]
[BlackElo "2362"]

1.e4 c5 2.Nf3 d6 3.d4 cxd4 4.Nxd4 Nf6 5.Nc3 Nc6 6.Bg5 e6 7.Qd2 h6 8.Bxf6 gxf6
9.O-O-O a6 10.f4 h5 11.Kb1 Qb6 12.Nb3 Qc7 13.Be2 h4 14.Bf3 Bd7 15.Qf2 O-O-O
16.Rd3 Kb8 17.Rhd1 Na5 18.Nxa5 Qxa5 19.e5 fxe5 20.fxe5 d5 21.Bxd5 Bc5 22.Qd2 Bc8
23.Bf3 Rxd3 24.Qxd3 Bb6 25.Qe4 Bc7 26.Re1 h3 27.g4 Rd8 28.Qe3 Bb6 29.Qf4 Bd4
30.g5 Bxc3 31.bxc3 Qxc3 32.Rd1 Rxd1+ 33.Bxd1 Qe1 34.Kc1 Bd7 35.Qd2 Qxe5 36.Qxd7 Qxh2
37.Qd8+ Ka7 38.Qd4+ Kb8  1/2-1/2

[Event "Synthesia Rapid Open"]
[Site "Pardubice CZE"]
[Date "2009.07.22"]
[Round "2"]
[White "Navara,D"]
[Black "Ivanov,Al3"]
[Result "1-0"]
[WhiteElo "2687"]
[BlackElo "2402"]

1.e4 c5 2.Nf3 d6 3.d4 cxd4 4.Nxd4 Nf6 5.Nc3 Nc6 6.Bg5 e6 7.Qd2 a6 8.O-O-O Nxd4
9.Qxd4 Be7 10.f4 b5 11.Be2 Bb7 12.Bf3 Rc8 13.Bxf6 gxf6 14.Kb1 Qc7 15.Qd2 Qc5
16.Ne2 h5 17.f5 Qe5 18.Nf4 Rg8 19.fxe6 fxe6 20.Bxh5+ Kd7 21.Bf7 Rh8  1-0

[Event "Synthesia Rapid Open"]
[Site "Pardubice CZE"]
[Date "2009.07.22"]
[Round "3"]
[White "Erdogdu,M"]
[Black "Navara,D"]
[Result "0-1"]
[WhiteElo "2463"]
[BlackElo "2687"]

1.e4 c5 2.Nf3 d6 3.d4 cxd4 4.Nxd4 Nf6 5.Nc3 Nc6 6.Bg5 e6 7.Qd2 a6 8.O-O-O Be7
9.f3 Nxd4 10.Qxd4 b5 11.h4 Bb7 12.Kb1 O-O 13.Qd2 Rc8 14.Ne2 Qc7 15.Nd4 Rfd8
16.Be3 Nd7 17.g4 d5 18.e5 Nxe5 19.b3 Qc3 20.Be2 Bb4 21.Qc1 Qc7 22.g5 Nc6
23.f4 Bc3 24.h5 Nb4 25.Rd3 Bxd4 26.Bxd4 Qa5 27.a3 Rxc2 28.Qxc2 Nxc2 29.Kxc2 Qxa3
30.Ra1 Rc8+ 31.Kd2 Qb4+ 32.Ke3 Rc2 33.h6 Bc8 34.Bd1 Qe1+  0-1

[Event "zt 3.3"]
[Site "Ho Chi Minh City VIE"]
[Date "2009.07.23"]
[Round "2"]
[White "So,W"]
[Black "Ton That Nhu Tung"]
[Result "1-0"]
[WhiteElo "2646"]
[BlackElo "2227"]

1.e4 c5 2.Nf3 d6 3.d4 cxd4 4.Nxd4 Nf6 5.Nc3 Nc6 6.Bg5 Bd7 7.Be2 Rc8 8.O-O Qa5
9.Bh4 Nxd4 10.Qxd4 Qc5 11.Qd2 Qb4 12.Rab1 Nxe4 13.Qf4 f5 14.a3 Qd4 15.Rfd1 Qc5
16.Nxe4 fxe4 17.Qxe4 Qxc2 18.Bd3 Qb3 19.Qe3 Qb6 20.Qf3 Rc5 21.b4 Re5 22.Re1 Qd4
23.Rxe5 dxe5 24.Be4 g6 25.Rd1 Qc4 26.Bd5 Qf4 27.Qc3 Qxh4 28.Qxe5 e6 29.Bxe6 Bxe6
30.Qxe6+ Be7 31.Qc8+ Bd8 32.Qd7+ Kf8 33.Qxd8+ Qxd8 34.Rxd8+ Kg7 35.Rxh8 Kxh8
36.f4 Kg7 37.Kf2 Kf6 38.Kf3 Ke6 39.Ke4 h5 40.g3  1-0